<?xml version="1.0" encoding="UTF-8"?>
<record
    xmlns:xsi="http://www.w3.org/2001/XMLSchema-instance"
    xsi:schemaLocation="http://www.loc.gov/MARC21/slim http://www.loc.gov/standards/marcxml/schema/MARC21slim.xsd"
    xmlns="http://www.loc.gov/MARC21/slim">

  <leader>00416nam a22000977a 4500</leader>
  <controlfield tag="008">190410|           ||| | ||||||0| ||spa d</controlfield>
  <datafield tag="245" ind1=" " ind2=" ">
    <subfield code="a">Hueso del Cr&#xE1;neo Corte Sagital</subfield>
  </datafield>
  <datafield tag="300" ind1=" " ind2=" ">
    <subfield code="e">Hueso Cr&#xE1;neo Corte Sagital</subfield>
  </datafield>
  <datafield tag="653" ind1=" " ind2=" ">
    <subfield code="a">Base del Cr&#xE1;neo.</subfield>
    <subfield code="a">Calota.</subfield>
    <subfield code="a">Macizo facial.</subfield>
    <subfield code="a">Orificios de la base del cr&#xE1;neo.</subfield>
    <subfield code="a">Maxilar.</subfield>
    <subfield code="a">Hueso frontal.</subfield>
    <subfield code="a">Etmoides.</subfield>
    <subfield code="a">Esfenoides.</subfield>
    <subfield code="a">Occipital.</subfield>
    <subfield code="a">Hueso temporal.</subfield>
    <subfield code="a">Hueso parietal.</subfield>
  </datafield>
  <datafield tag="942" ind1=" " ind2=" ">
    <subfield code="c">HUESOS</subfield>
    <subfield code="2">ddc</subfield>
  </datafield>
  <datafield tag="999" ind1=" " ind2=" ">
    <subfield code="c">3177</subfield>
    <subfield code="d">3177</subfield>
  </datafield>
  <datafield tag="952" ind1=" " ind2=" ">
    <subfield code="0">0</subfield>
    <subfield code="1">0</subfield>
    <subfield code="2">ddc</subfield>
    <subfield code="4">0</subfield>
    <subfield code="7">0</subfield>
    <subfield code="a">BFM</subfield>
    <subfield code="b">BFM</subfield>
    <subfield code="d">2023-08-14</subfield>
    <subfield code="e">Donaci&#xF3;n Agosto 2023</subfield>
    <subfield code="l">12</subfield>
    <subfield code="p">HCSA 129</subfield>
    <subfield code="r">2024-11-26</subfield>
    <subfield code="s">2024-11-26</subfield>
    <subfield code="t">Ej. 1</subfield>
    <subfield code="w">0000-00-00</subfield>
    <subfield code="y">HUESOS</subfield>
    <subfield code="z">Donaci&#xF3;n Agosto 2023</subfield>
    <subfield code="f"></subfield>
  </datafield>
</record>
